| 000 | 00674nam a2200241Ia 4500 | ||
|---|---|---|---|
| 003 | GCL | ||
| 008 | 140319s9999 xx 000 0 eng d | ||
| 040 |
_aGCL / _cGCL |
||
| 082 | 0 | 4 |
_aCC _b932 _bH E |
| 100 | 1 | _aHEMBERT, JEAN-MARCEL | |
| 245 | 1 | 0 |
_aEGYPTOMANIA: L'EGYPTE DANS L'ART OCEIDENTAL 1730 - 1930 / _cHEMBERT, JEAN-MARCEL |
| 700 | 1 | _aPANTAZZI, MICHAEL | |
| 700 | 1 | _aZIEGLES, CHRISTIANE | |
| 260 |
_a[S.N] : _bMUSEE DU LOUVRE ، _c1994 |
||
| 300 | _a605 P | ||
| 650 | 0 | 4 | _aEGYPT |
| 650 | 0 | 4 | _aART |
| 650 | 0 | 4 | _aART- EGYPT |
| 650 | 0 | 4 | _aMUSEE DU LOUVRE |
| 650 | 0 | 4 | _aMUSEE DES BEAUX - ARTS DU CAUATE |
| 650 | 0 | 4 | _aKUNSTHISTORISHES MUSEUM |
| 942 |
_2ddc _cBK |
||
| 999 |
_c25143 _d25143 |
||